Адмирал Литке (Запись № 13633108)

Подробности
000 -МАРКЕР
контрольное поле 02558nam0a2200445 4500
001 - ИДЕНТИФИКАТОР ЗАПИСИ
контрольное поле RU\NLR\BIBL_A\022735754
005 - ИДЕНТИФИКАТОР ВЕРСИИ
контрольное поле 20260408171851.0
010 ## - МЕЖДУНАРОДНЫЙ СТАНДАРТНЫЙ НОМЕР КНИГИ (ISBN)
Номер (ISBN) 978-5-93768-068-6
035 ## - ДРУГИЕ СИСТЕМНЫЕ НОМЕРА
Идентификатор записи (NLR Aleph) 022735754
100 ## - ДАННЫЕ ОБЩЕЙ ОБРАБОТКИ
Данные общей обработки 20260225d2023 u y0rusy50 ca
101 0# - ЯЗЫК РЕСУРСА
Язык текста, звукозаписи и т.д. русский
102 ## - СТРАНА ПУБЛИКАЦИИ ИЛИ ПРОИЗВОДСТВА
Страна публикации Российская Федерация
105 ## - ПОЛЕ КОДИРОВАННЫХ ДАННЫХ: ТЕКСТОВЫЕ МАТЕРИАЛЫ, МОНОГРАФИЧЕСКИЕ
Кодированные данные о монографическом текстовом документе abchz 010yb
181 #0 - ПОЛЕ КОДИРОВАННЫХ ДАННЫХ: ВИД СОДЕРЖАНИЯ
Код вида содержания (ISBD) b3
Код характеристики содержания (ISBD) xb2e
181 #0 - ПОЛЕ КОДИРОВАННЫХ ДАННЫХ: ВИД СОДЕРЖАНИЯ
Код вида содержания (ISBD) i2
Код характеристики содержания (ISBD) axxe
182 #0 - ПОЛЕ КОДИРОВАННЫХ ДАННЫХ: ТИП СРЕДСТВА
Код типа средства (ISBD) n - непосредственное
200 1# - ЗАГЛАВИЕ И СВЕДЕНИЯ ОБ ОТВЕТСТВЕННОСТИ
Основное заглавие Адмирал Литке
Сведения, относящиеся к заглавию [альбом]
Первые сведения об ответственности В. Д. Доценко, М. В. Сильников, Е. И. Якушенко
Последующие сведения об ответственности Военно-морской флот России [и др.]
203 ## - ВИД СОДЕРЖАНИЯ И ТИП СРЕДСТВА
Вид содержания Изображение
-- Текст
Дополнительные сведения об издании визуальные
Тип средства непосредственные
210 ## - ПУБЛИКАЦИЯ, РАСПРОСТРАНЕНИЕ И ДР.
Место издания, распространения и т.д. Санкт-Петербург
Имя издателя, распространителя и т. д. Фонд "Морская слава Отечества"
Дата издания, распространения и т.д. 2023
215 ## - ФИЗИЧЕСКАЯ ХАРАКТЕРИСТИКА
Специфическое обозначение материала и объем 485 с.
Другие сведения о физической характеристике ил., цв. ил., карты, портр., факс.
Размеры 31
225 1# - СЕРИЯ
Основное заглавие серии Во славу Российской науки
300 ## - ОБЩИЕ ПРИМЕЧАНИЯ
Текст примечания На пер. авт. не указаны
300 ## - ОБЩИЕ ПРИМЕЧАНИЯ
Текст примечания В конце кн. авт.: В. Д. Доценко, проф., кап. 1 ранга, М. В. Сильников, чл.-кор. РАН, Е. И. Якушенко, акад. РАН, кап. 1 ранга
300 ## - ОБЩИЕ ПРИМЕЧАНИЯ
Текст примечания Посвящается 300-летию Рос. акад. наук
316 ## - ПРИМЕЧАНИЯ ОБ ОСОБЕННОСТЯХ ЭКЗЕМПЛЯРА
Текст примечания Экз. РНБ (2026-9/96): экслибрис на 1-й с.: Личная библиотека Павлова Владислава Валериевича
Организация и экземпляр, к которому относится поле NLR: 2026-9/96
320 ## - ПРИМЕЧАНИЯ О НАЛИЧИИ В ДОКУМЕНТЕ БИБЛИОГРАФИИ / УКАЗАТЕЛЯ
Текст примечания Тр. Ф. П. Литке: с. 479–480
320 ## - ПРИМЕЧАНИЯ О НАЛИЧИИ В ДОКУМЕНТЕ БИБЛИОГРАФИИ / УКАЗАТЕЛЯ
Текст примечания Публ. об адмирале Ф. П. Литке: с. 481–485
600 #1 - ИМЯ ЛИЦА КАК ПРЕДМЕТ
Начальный элемент ввода Литке
Часть имени, кроме начального элемента ввода Ф. П.
Расширение инициалов личного имени Федор Петрович
Даты 1792 - 1882
Формальный подзаголовок Альбомы
Идентификатор авторитетной/нормативной записи RU\NLR\AUTH\66654952
Системный номер авторитетной/нормативной записи 1509193
686 1# - ИНДЕКСЫ ДРУГИХ КЛАССИФИКАЦИЙ
Индекс Ц66,8(2)0-243.1дЛитке.я61
686 1# - ИНДЕКСЫ ДРУГИХ КЛАССИФИКАЦИЙ
Индекс Д8д(2)Литке.я61
700 #1 - ИМЯ ЛИЦА - ПЕРВИЧНАЯ ОТВЕТСТВЕННОСТЬ
Материалы, к которым относится поле rus
Графика поля Кириллица
Начальный элемент ввода Доценко
Часть имени, кроме начального элемента ввода В. Д.
Расширение инициалов личного имени Виталий Дмитриевич
Даты 1948-
Идентификатор авторитетной/нормативной записи RU\NLR\AUTH\773837
Системный номер авторитетной/нормативной записи 113828
701 #1 - ИМЯ ЛИЦА - АЛЬТЕРНАТИВНАЯ ОТВЕТСТВЕННОСТЬ
Начальный элемент ввода Сильников
Часть имени, кроме начального элемента ввода М. В.
Даты 1961-
Расширение инициалов личного имени Михаил Владимирович
701 #1 - ИМЯ ЛИЦА - АЛЬТЕРНАТИВНАЯ ОТВЕТСТВЕННОСТЬ
Начальный элемент ввода Якушенко
Часть имени, кроме начального элемента ввода Е. И.
Расширение инициалов личного имени Евгений Иванович
702 #1 - ИМЯ ЛИЦА - ВТОРИЧНАЯ ОТВЕТСТВЕННОСТЬ
Код отношения Объект посвящения
Материалы, к которым относится поле rus
Графика поля Кириллица
Начальный элемент ввода Литке
Часть имени, кроме начального элемента ввода Ф. П.
Даты 1797-1882
Расширение инициалов личного имени Федор Петрович
Идентификатор авторитетной/нормативной записи RU\NLR\AUTH\7770221
Системный номер авторитетной/нормативной записи 53149
702 #1 - ИМЯ ЛИЦА - ВТОРИЧНАЯ ОТВЕТСТВЕННОСТЬ
Код отношения Бывший владелец
Графика поля Кириллица
Материалы, к которым относится поле rus
Начальный элемент ввода Павлов
Часть имени, кроме начального элемента ввода В. В.
Дополнения к именам, кроме дат воен. деятель
Даты 1970-
Расширение инициалов личного имени Владислав Валериевич
Идентификатор авторитетной/нормативной записи RU\NLR\AUTH\770290524
Системный номер авторитетной/нормативной записи 2699010
942 ## - ДОПОЛНИТЕЛЬНЫЕ ЭЛЕМЕНТЫ ЗАПИСИ (АБИС)
Тип экземпляра АБИС Неопределено
980 ## - КОЛЛЕКЦИЯ
Название коллекции Национальная библиография

Нет доступных экземпляров.